सच कहना सूली चढ़ना है / (Record no. 15050)

MARC details
000 -LEADER
fixed length control field 01063 a2200253 4500
005 - DATE AND TIME OF LATEST TRANSACTION
control field 20080825112722.0
008 - FIXED-LENGTH DATA ELEMENTS--GENERAL INFORMATION
fixed length control field 080825t xxu||||| |||| 00| p hin d
010 ## - LIBRARY OF CONGRESS CONTROL NUMBER
LC control number HIN-84064
020 ## - INTERNATIONAL STANDARD BOOK NUMBER
Terms of availability 275.00
International Standard Book Number 9788175258686
035 ## - SYSTEM CONTROL NUMBER
System control number HN-56410
037 ## - SOURCE OF ACQUISITION
Stock number DBAD / PUB
040 ## - CATALOGING SOURCE
Original cataloging agency DPL
Language of cataloging HN
082 ## - DEWEY DECIMAL CLASSIFICATION NUMBER
Classification number 821
100 ## - MAIN ENTRY--PERSONAL NAME
Personal name महमूज ज़की
245 ## - TITLE STATEMENT
Title सच कहना सूली चढ़ना है /
Statement of responsibility, etc महमूद ज़की
246 ## - VARYING FORM OF TITLE
Title proper/short title Sacha kehanaa suli chadhanaa hai
Remainder of title by Mahmood Zaki
260 ## - PUBLICATION, DISTRIBUTION, ETC. (IMPRINT)
Place of publication, distribution, etc उज्जैन
Name of publisher, distributor, etc महमूद ज़की
Date of publication, distribution, etc 2007
270 ## - ADDRESS
Address 14, मिर्जा वाड़ी
City उज्जैन
Postal code 456006
Country म.प्र.
Telephone number 0734 2554180
300 ## - PHYSICAL DESCRIPTION
Extent 108पृ
Dimensions 25सेमी (सजिल्द)
650 ## - SUBJECT ADDED ENTRY--TOPICAL TERM
Topical term or geographic name as entry element उर्दू कविताएँ
650 ## - SUBJECT ADDED ENTRY--TOPICAL TERM
Topical term or geographic name as entry element Urdu poetry
942 ## - ADDED ENTRY ELEMENTS (KOHA)
Institution code [OBSOLETE] dpl
Koha item type Hindi Books
Source of classification or shelving scheme Dewey Decimal Classification
Call number suffix महमू
Classification part 821
Holdings
Withdrawn status Lost status Damaged status Not for loan Collection code Home library Current library Date acquired Source of acquisition Cost, normal purchase price Total Checkouts Full call number Barcode Date last seen Copy number Cost, replacement price Price effective from Koha item type
      Not For Loan Non-fiction D.B.Act.Division D.B.Act.Division 25/08/2008 DBAD / PUB 275.00   821 महमू HN-56410 15/09/2008 1 275.00 15/09/2008 Hindi Books

© Delhi Public Library
Hit Counter
free hit counter